000 00453nam a2200181Ia 4500
001 18704
005 20260306171650.0
008 260306s9999||||xx |||||||||||||| ||und||
041 _aESP
082 _a658.5
_bC13
100 _aCabeza, Domingo
_eAUT
245 0 _aLogística inversa en la gestión de la cadena de suministro
260 _c2012
300 _a148 páginas :
_c24 cm.
650 _aGEN
654 _aCAN
942 _cLIB
_dJUS
_fJUS
_2ddc
_n
999 _c18704
_d18704